000 00865nam a2200265Ia 4500
003 OSt
005 20220930085744.0
006 a|||||r|||| 00| 0
007 ta
008 220926b |||||||| |||| 00| 0 hin d
024 _a105010
037 _cTheses
040 _aCRL
_cCRL
_bhin
041 _2hin
_ahin
100 _aRajesh Kumar
110 _aUniversity of Delhi. Faculty of Arts. Department of Hindi
245 0 _aSwattanttrayottar Hindi vyangya sahitya ke lakshya vishaya
_b Hari Shankar Parsai, Sharad Joshi aur Rabindra Nath Tyagi ke sandarbh mein
260 _c2009
300 _a339p.
_ap.
_ccm.
650 _aHINDI LITERATURE
_923866
700 _a Prof. Gopeshwar Singh Gu.
700 _aUniversity of Delhi. Faculty of Arts. Department of Hindi
942 _cDIS
_2CC
999 _c879491
_d879491